[Event "SLO-chT2 West"]
[Site "Slovenia"]
[Date "2015.10.17"]
[Round "2"]
[White "Solmajer, Luka"]
[Black "Biti, Ana"]
[Result "1/2-1/2"]
[WhiteElo "2025"]
[BlackElo "2036"]
[PlyCount "86"]
[EventDate "2015.10.17"]
[EventType "team-tourn"]
[EventRounds "7"]
[EventCountry "SLO"]
[SourceTitle "EXT 2019"]
[Source "ChessBase"]
[SourceDate "2018.10.10"]
[SourceVersion "1"]
[SourceVersionDate "2018.10.10"]
[SourceQuality "1"]
[WhiteTeam "Ljubljana SK"]
[BlackTeam "Posocje"]
[WhiteTeamCountry "SLO"]
[BlackTeamCountry "SLO"]

1. d4 Nf6 2. Nf3 g6 3. g3 Bg7 4. Bg2 0-0 5. 0-0 d6 6. c4 c6 7. Nc3 Qc7 8. d5 Bd7 9. h3 Na6 10. Be3 Nc5 11. Nd4 e5 12. dxe6 Nxe6 13. Rc1 Rad8 14. Qd2 Rfe8 15. Rfd1 Bc8 16. Nd5 Nxd5 17. Nxe6 fxe6 18. cxd5 exd5 19. Bxd5+ Be6 20. b3 Qd7 21. Bxe6+ Qxe6 22. Kg2 d5 23. Rc2 a6 24. Bd4 Qe4+ 25. f3 Qxd4 26. Qxd4 Bxd4 27. Rxd4 Re3 28. Rd3 Rxd3 29. exd3 Re8 30. Kf2 Kf7 31. d4 Re6 32. b4 Ke7 33. Re2 b6 34. f4 Rxe2+ 35. Kxe2 Kf6 36. Kf3 h6 37. g4 Ke6 38. Ke3 Kd6 39. h4 Ke6 40. f5+ gxf5 41. g5 hxg5 42. hxg5 Kf7 43. Kf3 Kg7 1/2-1/2

[Event "Nova Gorica op-B 14th"]
[Site "Nova Gorica"]
[Date "2009.02.02"]
[Round "4"]
[White "Kolaric, Spela"]
[Black "Biti, Ana"]
[Result "1-0"]
[WhiteElo "1894"]
[BlackElo "2109"]
[PlyCount "139"]
[EventDate "2009.01.31"]
[EventType "swiss"]
[EventRounds "9"]
[EventCountry "SLO"]
[SourceTitle "EXT 2011"]
[Source "ChessBase"]
[SourceDate "2010.11.26"]
[SourceVersion "1"]
[SourceVersionDate "2010.11.26"]
[SourceQuality "1"]

1. e4 e5 2. Nf3 Nc6 3. Bc4 Be7 4. c3 Nf6 5. d3 0-0 6. Nbd2 d6 7. Bb3 h6 8. 0-0 Nh7 9. Nc4 Bg4 10. h3 Bh5 11. g4 Bg6 12. Ne3 Ng5 13. Nxg5 Bxg5 14. Nf5 Bf4 15. Bxf4 exf4 16. d4 Qg5 17. Kh2 Rae8 18. Qf3 h5 19. Qg2 hxg4 20. hxg4 Bxf5 21. exf5 Qh4+ 22. Qh3 Qxh3+ 23. Kxh3 Re2 24. Rab1 Na5 25. Kg2 Nxb3 26. axb3 g5 27. fxg6 fxg6 28. Kf3 Rd2 29. Rfe1 Rd3+ 30. Ke4 Rh3 31. Rh1 Rxh1 32. Rxh1 d5+ 33. Kxd5 Re8 34. g5 Re2 35. f3 Rxb2 36. Ke4 Rxb3 37. Rc1 a5 38. Kxf4 a4 39. Ke5 Kf7 40. f4 a3 41. c4 a2 42. Ra1 Ra3 43. f5 Ra5+ 44. d5 gxf5 45. Kxf5 c6 46. g6+ Kg7 47. Ke6 Ra6 48. d6 b5 49. d7 Ra8 50. Rxa2 Rxa2 51. d8Q Re2+ 52. Kf5 Rf2+ 53. Ke4 Rf6 54. Ke5 Rxg6 55. Kf5 bxc4 56. Qe7+ Kh6 57. Qf8+ Kh7 58. Qf7+ Rg7 59. Qxc4 Rg6 60. Qh4+ Rh6 61. Qe7+ Kg8 62. Kg5 Rh1 63. Qe8+ Kg7 64. Qe7+ Kg8 65. Qe6+ Kg7 66. Qg6+ Kf8 67. Qd6+ Kg7 68. Qd4+ Kf8 69. Kg6 Rb1 70. Qd8# 1-0

[Event "Nova Gorica op-B 14th"]
[Site "Nova Gorica"]
[Date "2009.02.01"]
[Round "3"]
[White "Biti, Ana"]
[Black "Debevec, Blaz"]
[Result "1/2-1/2"]
[WhiteElo "2109"]
[BlackElo "1979"]
[PlyCount "78"]
[EventDate "2009.01.31"]
[EventType "swiss"]
[EventRounds "9"]
[EventCountry "SLO"]
[SourceTitle "EXT 2011"]
[Source "ChessBase"]
[SourceDate "2010.11.26"]
[SourceVersion "1"]
[SourceVersionDate "2010.11.26"]
[SourceQuality "1"]

1. e4 c6 2. d4 d5 3. Nc3 dxe4 4. Nxe4 Bf5 5. Ng3 Bg6 6. Nf3 Nd7 7. Bd3 e6 8. 0-0 Ngf6 9. b3 Be7 10. Bb2 0-0 11. Bxg6 hxg6 12. c4 a5 13. a3 a4 14. b4 b5 15. Ne5 Qb6 16. Nxd7 Nxd7 17. d5 cxd5 18. cxd5 exd5 19. Qxd5 Nf6 20. Qf3 Rfd8 21. Rac1 Rac8 22. h3 Qd6 23. Rcd1 Qb6 24. Rxd8+ Rxd8 25. Rc1 Qd6 26. Ne4 Nxe4 27. Qxe4 Bf6 28. Bxf6 Qxf6 29. Qe2 Qd4 30. Re1 Qd3 31. Qxd3 Rxd3 32. Re8+ Kh7 33. Re5 Rxa3 34. Rxb5 Rb3 35. g3 f5 36. Kg2 Kh6 37. Rb8 g5 38. b5 a3 39. Ra8 Rxb5 1/2-1/2

[Event "Nova Gorica op-B 14th"]
[Site "Nova Gorica"]
[Date "2009.01.31"]
[Round "1"]
[White "Biti, Ana"]
[Black "Titan, Matej"]
[Result "1/2-1/2"]
[WhiteElo "2109"]
[BlackElo "1852"]
[PlyCount "72"]
[EventDate "2009.01.31"]
[EventType "swiss"]
[EventRounds "9"]
[EventCountry "SLO"]
[SourceTitle "EXT 2011"]
[Source "ChessBase"]
[SourceDate "2010.11.26"]
[SourceVersion "1"]
[SourceVersionDate "2010.11.26"]
[SourceQuality "1"]

1. e4 c5 2. Nc3 Nc6 3. Bb5 d6 4. Bxc6+ bxc6 5. f4 g6 6. d3 Bg7 7. Nf3 Qb6 8. 0-0 Nf6 9. Kh1 0-0 10. Qe1 Nd7 11. f5 Ne5 12. Qh4 Nxf3 13. Rxf3 Bf6 14. Qe1 c4 15. Rb1 cxd3 16. cxd3 Ba6 17. Bh6 Rfe8 18. Qd2 Rab8 19. Bg5 Be5 20. Be3 Bd4 21. Bxd4 Qxd4 22. Ne2 Qe5 23. b3 d5 24. exd5 cxd5 25. Rbf1 Rf8 26. Re3 Qd6 27. Rh3 Qe5 28. f6 h5 29. fxe7 Qxe7 30. Rhf3 Bb7 31. d4 Ba6 32. Re3 Qg5 33. Rff3 Bxe2 34. Qxe2 Qg4 35. Qd2 Rbc8 36. h3 Qg5 1/2-1/2

[Event "Nova Gorica op-B 14th"]
[Site "Nova Gorica"]
[Date "2009.01.31"]
[Round "2"]
[White "Pahor, Ziga"]
[Black "Biti, Ana"]
[Result "0-1"]
[WhiteElo "1899"]
[BlackElo "2109"]
[PlyCount "86"]
[EventDate "2009.01.31"]
[EventType "swiss"]
[EventRounds "9"]
[EventCountry "SLO"]
[SourceTitle "EXT 2011"]
[Source "ChessBase"]
[SourceDate "2010.11.26"]
[SourceVersion "1"]
[SourceVersionDate "2010.11.26"]
[SourceQuality "1"]

1. d4 Nf6 2. Bf4 g6 3. Nf3 Bg7 4. e3 0-0 5. Be2 d6 6. h3 Nfd7 7. c3 e5 8. Bh2 e4 9. Nfd2 d5 10. 0-0 Nb6 11. Na3 Be6 12. Nb5 Na6 13. Na3 Nd7 14. Bxa6 bxa6 15. Qe2 Qc8 16. Nb3 Qb7 17. c4 dxc4 18. Nxc4 Qb5 19. Nba5 Nb6 20. b3 c5 21. Rad1 cxd4 22. exd4 Rfe8 23. Rfe1 Qg5 24. Kh1 Nd5 25. Qd2 Qxd2 26. Rxd2 Bh6 27. Rde2 f5 28. Be5 Bf4 29. Nd6 Red8 30. Rc2 Rxd6 31. Bxd6 Bxd6 32. Nb7 Nb4 33. Rd2 Bf4 34. Rde2 Bd7 35. a4 Bc6 36. Na5 Bd5 37. Kg1 Rc8 38. g3 Bg5 39. h4 Bf6 40. Rd2 Nd3 41. Ree2 Rc1+ 42. Kh2 e3 43. Rxd3 Rh1# 0-1

[Event "SLO-chT (Women)"]
[Site "Kozje"]
[Date "2008.12.06"]
[Round "9"]
[White "Kozarski, Lara"]
[Black "Biti, Ana"]
[Result "0-1"]
[WhiteElo "1714"]
[BlackElo "2114"]
[PlyCount "128"]
[EventDate "2008.11.27"]
[EventType "team-tourn"]
[EventRounds "9"]
[EventCountry "SLO"]
[SourceTitle "CBM 127 Extra"]
[Source "ChessBase"]
[SourceDate "2009.01.08"]
[SourceVersion "2"]
[SourceVersionDate "2009.01.28"]
[SourceQuality "1"]

1. e4 e5 2. Nf3 Nc6 3. Bc4 Nf6 4. d3 Be7 5. 0-0 0-0 6. c3 d6 7. Bb3 h6 8. Re1 Nh7 9. h3 Ng5 10. Nbd2 a5 11. a4 Bd7 12. Nxg5 Bxg5 13. Nf3 Bxc1 14. Qxc1 Qf6 15. Qe3 Ne7 16. Kh2 Rfe8 17. g3 Qg6 18. Nh4 Qh5 19. Qe2 Qxe2 20. Rxe2 g5 21. Ng2 Kg7 22. f4 exf4 23. gxf4 f5 24. fxg5 hxg5 25. exf5 Nxf5 26. Rae1 Rxe2 27. Rxe2 Rh8 28. Be6 Bxe6 29. Rxe6 Kf7 30. Re4 Re8 31. Rxe8 Kxe8 32. h4 gxh4 33. Kh3 Kd7 34. Kg4 Kc6 35. b4 axb4 36. cxb4 Nd4 37. Ne3 Ne2 38. Nc4 h3 39. Kxh3 Nf4+ 40. Kg3 Nxd3 41. Na5+ Kb6 42. Nc4+ Ka7 43. b5 d5 44. Ne3 Nb4 45. a5 c6 46. bxc6 bxc6 47. Kf4 Ka6 48. Ke5 Kxa5 49. Kd4 Kb5 50. Nf5 c5+ 51. Kc3 Kc6 52. Kb3 Kd7 53. Ng3 Ke6 54. Ne2 Ke5 55. Kc3 Ke4 56. Ng3+ Kf3 57. Nf5 Ke2 58. Ng3+ Kf2 59. Nf5 Ke1 60. Kb3 Nc6 61. Nd6 Kd2 62. Nb5 Nd4+ 63. Nxd4 cxd4 64. Kb2 d3 0-1

[Event "CRO-chT (Women) 17th"]
[Site "Sibenik"]
[Date "2008.10.03"]
[Round "7"]
[White "Srebrnic, Ana"]
[Black "Biti, Ana"]
[Result "1-0"]
[WhiteElo "2268"]
[BlackElo "2102"]
[PlyCount "111"]
[EventDate "2008.09.27"]
[EventType "team"]
[EventRounds "9"]
[EventCountry "CRO"]
[SourceTitle "CBM 126 Extra"]
[Source "ChessBase"]
[SourceDate "2008.11.05"]
[SourceVersion "1"]
[SourceVersionDate "2008.11.05"]
[SourceQuality "1"]

1. d4 Nf6 2. g3 g6 3. Bg2 Bg7 4. e4 d6 5. Ne2 0-0 6. 0-0 e5 7. h3 Nfd7 8. c3 b6 9. Be3 Nc6 10. Na3 Ba6 11. Re1 Qe8 12. Qa4 Ndb8 13. Qd1 Nd7 14. Qa4 Ndb8 15. Kh1 Nd8 16. Qc2 Nbc6 17. Rad1 f6 18. b4 Ne7 19. c4 Ne6 20. Qb3 Kh8 21. c5 exd4 22. Nxd4 Nd8 23. cxd6 cxd6 24. Ne6 Nxe6 25. Qxe6 Rd8 26. Rxd6 Rxd6 27. Qxd6 Nc8 28. Qd1 Qe7 29. Qb3 Rd8 30. Nc4 Nd6 31. Nxd6 Rxd6 32. Bf4 Rd4 33. a3 Bb7 34. Kh2 Ba6 35. Rd1 Rxd1 36. Qxd1 Bb7 37. Qd3 Bf8 38. Qd4 Qf7 39. Qd8 Qe7 40. Qb8 Bc6 41. e5 Bxg2 42. exf6 Qf7 43. Kxg2 Kg8 44. Bh6 Qxf6 45. Bxf8 Qxf8 46. Qxf8+ Kxf8 47. Kf3 Ke7 48. Ke4 Kd6 49. f4 Ke6 50. b5 Kd6 51. g4 Ke6 52. f5+ Kf6 53. Kf4 Kf7 54. Ke5 h6 55. fxg6+ Kxg6 56. h4 1-0

[Event "Ptuj op"]
[Site "Ptuj"]
[Date "2008.08.10"]
[Round "2"]
[White "Biti, Ana"]
[Black "Biti, Ozren"]
[Result "1/2-1/2"]
[WhiteElo "2102"]
[BlackElo "2384"]
[PlyCount "32"]
[EventDate "2008.08.09"]
[EventType "swiss"]
[EventRounds "9"]
[EventCountry "SLO"]
[SourceTitle "CBM 125 Extra"]
[Source "ChessBase"]
[SourceDate "2008.09.01"]
[SourceVersion "1"]
[SourceVersionDate "2008.09.01"]
[SourceQuality "1"]

1. e4 d6 2. d4 Nf6 3. Nc3 e5 4. dxe5 dxe5 5. Qxd8+ Kxd8 6. Bc4 Be6 7. Bxe6 fxe6 8. Nf3 Bd6 9. h3 Ke7 10. Be3 a6 11. 0-0 Nbd7 12. a3 h6 13. Nd2 Rhf8 14. f4 exf4 15. Bxf4 Bxf4 16. Rxf4 Ne5 1/2-1/2

[Event "Zagreb op-B"]
[Site "Zagreb"]
[Date "2008.05.18"]
[Round "8"]
[White "Biti, Ana"]
[Black "Vrsek, Ivan"]
[Result "0-1"]
[WhiteElo "2115"]
[BlackElo "2196"]
[PlyCount "130"]
[EventDate "2008.05.12"]
[EventType "swiss"]
[EventRounds "9"]
[EventCountry "CRO"]
[SourceTitle "CBM 124 Extra"]
[Source "ChessBase"]
[SourceDate "2008.07.03"]
[SourceVersion "1"]
[SourceVersionDate "2008.07.03"]
[SourceQuality "1"]

1. e4 e6 2. d3 d5 3. Nd2 Nf6 4. Ngf3 b6 5. c3 a5 6. Qa4+ c6 7. e5 Nfd7 8. d4 Qc7 9. Qc2 Ba6 10. Bxa6 Nxa6 11. a3 c5 12. Qd3 Be7 13. 0-0 0-0 14. Re1 Qc6 15. Nf1 f6 16. exf6 gxf6 17. Ng3 Nc7 18. Nh4 Rf7 19. Bh6 Kh8 20. Ng6+ hxg6 21. Qxg6 Rh7 22. Nh5 Rg8 23. Bg7+ Rgxg7 24. Nxg7 Rxg7 25. Qh5+ Rh7 26. Qg6 Qd6 27. h3 f5 28. dxc5 bxc5 29. b4 axb4 30. axb4 cxb4 31. cxb4 Nf8 32. Qg3 Qxg3 33. fxg3 Bxb4 34. Reb1 Bc5+ 35. Kf1 Rg7 36. Rb7 Bd6 37. Raa7 Bxg3 38. Rb8 Bd6 39. Rc8 Kh7 40. Rb7 Kg6 41. Rb6 Rd7 42. Rbb8 Kf7 43. h4 d4 44. h5 Kg7 45. Rd8 Rxd8 46. Rxd8 Be7 47. Rxd4 Kh6 48. g4 fxg4 49. Rxg4 Kxh5 50. Rg7 Nd5 51. Rg1 Bg5 52. Ke2 Kg6 53. Rf1 Nd7 54. Kd3 N7f6 55. Kd4 Bf4 56. Re1 Kf5 57. Kd3 e5 58. Rh1 e4+ 59. Ke2 Ng4 60. Rh5+ Bg5 61. Rh8 Nf4+ 62. Ke1 e3 63. Rf8+ Ke4 64. Rh8 Ne5 65. Kd1 e2+ 0-1

[Event "Dubrovnik op"]
[Site "Dubrovnik"]
[Date "2008.04.24"]
[Round "5"]
[White "Biti, Ana"]
[Black "Bodiroga, Predrag"]
[Result "0-1"]
[WhiteElo "2115"]
[BlackElo "2405"]
[PlyCount "90"]
[EventDate "2008.04.24"]
[EventType "swiss"]
[EventRounds "7"]
[EventCountry "CRO"]
[SourceTitle "CBM 124 Extra"]
[Source "ChessBase"]
[SourceDate "2008.07.03"]
[SourceVersion "1"]
[SourceVersionDate "2008.07.03"]
[SourceQuality "1"]

1. e4 c6 2. d4 d5 3. Nc3 dxe4 4. Nxe4 Bf5 5. Ng3 Bg6 6. Nf3 Nd7 7. Bd3 e6 8. 0-0 Ngf6 9. b3 Qa5 10. a3 Bd6 11. Bb2 0-0 12. Bxg6 hxg6 13. Qe1 Qc7 14. c4 Rfe8 15. Ne5 c5 16. Nxd7 Nxd7 17. dxc5 Nxc5 18. Qc3 f6 19. Rfe1 Be5 20. Rxe5 Qxe5 21. Qc2 Qc7 22. Qxg6 Qf7 23. Qg4 Rad8 24. b4 Nd7 25. Re1 Nf8 26. Ne4 f5 27. Nf6+ Qxf6 28. Bxf6 fxg4 29. Bxd8 Rxd8 30. Kf1 Rd4 31. Rc1 Kf7 32. c5 Ke7 33. c6 bxc6 34. Rxc6 Ng6 35. g3 Ne5 36. Rc7+ Rd7 37. Rc5 Kf6 38. Ke2 Nf3 39. h4 e5 40. a4 Kf5 41. b5 Rd2+ 42. Kf1 Ra2 43. Rc7 Ke4 44. Rxa7 Ra1+ 45. Ke2 Re1# 0-1